000 00361nam a2200145Ia 4500
008 150201s2004 xx 000 0 und d
082 _a612.015
_bE2004D
100 _aDEB,A.C.
245 _aFUNDAMENTALS OF BIOCHEMISTRY
250 _a8TH
260 _bBOOKS & ALLIED PUBLICATION
_aKOLKATA
_c2004
300 _a1-848
650 _aBIOCHEMISTRY
942 _2ddc
_cBK
999 _c3633
_d3633